| 000 | 00895nam a2200277 a 4500 | ||
|---|---|---|---|
| 001 | 11504 | ||
| 003 | BD-RjUL | ||
| 005 | 20211208235134.0 | ||
| 008 | 161204s1980 cua 001 0 eng d | ||
| 020 | _a0851171850 | ||
| 035 |
_aOCLC ocm06563009 from D960612M _a(BD-RjUL)11553 |
||
| 040 |
_aOSU _cOSU _dEQO _dBD-RjUL _beng |
||
| 041 | _aeng | ||
| 082 |
_a790.01 _bNOT 1980 _223 |
||
| 090 |
_aGV181.3 _b.N67 1980b |
||
| 245 | 0 | 0 |
_aNot work alone : _ba cross-cultural view of activities superfluous to survival / _cedited by Jeremy Cherfas & Roger Lewin |
| 260 |
_aLondon : _bTemple Smith, _cc1980. |
||
| 300 |
_a255 p. : _bill. ; _c23 cm |
||
| 504 | _aIncludes Bibliography: p. [243]-247 and index. | ||
| 650 | 0 |
_aRecreation _935584 |
|
| 650 | 0 |
_aPlay _935585 |
|
| 650 | 0 |
_aManners and customs _925140 |
|
| 700 | 1 |
_aCherfas, Jeremy. _935586 |
|
| 700 | 1 |
_aLewin, Roger. _935587 |
|
| 942 |
_2ddc _cBK |
||
| 999 |
_c11504 _d11504 |
||